| 000 | 00617cam a2200205ua 4500 | ||
|---|---|---|---|
| 005 | 20201212123134.0 | ||
| 008 | 200222n ii |||gr||||Z||||||eng | ||
| 020 | _a9789386302007 | ||
| 040 |
_cMAIN _aIN-DiNC |
||
| 041 | _deng | ||
| 082 |
_a410.1 _bSYN |
||
| 245 |
_aSyntactic typology : _blanguage contact and convergence / _cedited by Shailendra Kumar Singh and Saralin A Lyngdoh . |
||
| 250 | _a1st ed. | ||
| 260 |
_aGuwahati: _bEBH publishers, _c2017. |
||
| 300 | _a274p. | ||
| 650 | _aLinguistics | ||
| 700 |
_aSingh, Shailendra Kumar _eauthor |
||
| 700 |
_aLyngdoh, Saralin A _eauthor |
||
| 942 |
_cBK _2ddc |
||
| 999 |
_c10897 _d10897 |
||